000
00258nam a2200109Ia 4500
005
20251222144813.0
008
251222s9999||||xx |||||||||||||| ||spa||
082
_a
614/M61
245
0
_a
Proceso de Planeación:
264
_b
Ministerio de Salud
942
_c
LIB
999
_c
20202
_d
20202